| 000 | 00877nam a2200217 a 4500 | ||
|---|---|---|---|
| 008 | 211207s2011 ||||||||||||||||| || u | ||
| 020 | _a9781349319213 | ||
| 050 | _aHD 58.6 Kum | ||
| 100 | _aWorm, Verner | ||
| 245 | 1 | 0 |
_aInternational negotiation in China and India : a comparison of the emerging business giants _cBy Rajesh Kumar and Verner Worm |
| 260 |
_aNew York _bPalgrave Macmillan _c2011 |
||
| 300 | _avii, 189 pages | ||
| 500 | _aIncludes index. | ||
| 650 | _aNEGOTIATION IN BUSINESS--INDIA | ||
| 650 | _aBUSINESS ETIQUETTE--CHINA | ||
| 650 | _aBUSINESS ETIQUETTE, INDIAN | ||
| 650 | _aNEGOTIATION IN BUSINESS--CHINA | ||
| 650 | _aNATIONAL CHARACTERISTICS, CHINESE | ||
| 700 | _aKumar, Rajesh | ||
| 995 |
_FCBU-MAIN LIBRARY (Kitwe) _I99.56 _M1 _UAVAILABLE _WDec 13, 2021 _ZMain Library Open Access Collection |
||
| 999 |
_c47457 _d47457 |
||